El cambio climático /

Պահպանված է:
Մատենագիտական մանրամասներ
Հիմնական հեղինակ: Díaz Cordero, Gerarda
Ձևաչափ: Տեքստ
Ցուցիչներ: Ավելացրեք ցուցիչ
Չկան պիտակներ, Եղեք առաջինը, ով նշում է այս գրառումը!

MARC

LEADER 00000 a a2200000 04500
001 46540
003
040
100 |a Díaz Cordero, Gerarda  
245 |a El cambio climático /  |c Gerarda Díaz Cordero  
773 |g volumen37, número2 ( , 2012), páginas 227-240  
999 |c 30530  |d 30530